Busiest Airports in the UK - Statistics

General Stats
  • This quiz has been taken 104 times
  • The average score is 15 of 18
Answer Stats
Hint Answer % Correct
83,882,140 London Heathrow
99%
43,249,282 London Gatwick
96%
30,789,056 Manchester
96%
8,067,685 Glasgow
95%
12,848,201 Birmingham
93%
15,780,353 Edinburgh
93%
5,074,266 Liverpool
91%
16,939,902 London Luton
91%
2,391,124 Belfast City
88%
6,750,440 Belfast International
88%
5,143,412 Newcastle
87%
4,222,487 Leeds Bradford
81%
29,694,316 London Stansted
80%
2,300,657 Aberdeen
78%
10,615,864 Bristol
76%
3,573,250 London City
69%
4,133,398 East Midlands
58%
1,469,946 Jersey
25%
No matching quizzes found
Score Distribution
Percent of People with Each Score
Percentile by Number Answered
Your Score History
You have not taken this quiz